[Event "RUS-chT Rapid"]
[Site "Sochi"]
[Date "2021.10.15"]
[Round "1.2"]
[White "Kochukova, Anna"]
[Black "Murzin, Volodar"]
[Result "1/2-1/2"]
[WhiteElo "2088"]
[BlackElo "2513"]
[PlyCount "93"]
[EventDate "2021.10.15"]
[EventType "team-swiss (rapid)"]
[EventRounds "9"]
[EventCountry "RUS"]
[SourceTitle "CBM 204 Extra"]
[Source "ChessBase"]
[SourceDate "2021.11.30"]
[SourceVersion "1"]
[SourceVersionDate "2021.11.30"]
[SourceQuality "1"]
[WhiteTeam "Moscow Severnyy Kharakter II"]
[BlackTeam "Moscow Gogolevsiy 14"]
[WhiteTeamCountry "RUS"]
[BlackTeamCountry "RUS"]

1. e4 c6 2. d4 d5 3. Nd2 dxe4 4. Nxe4 Bf5 5. Ng3 Bg6 6. Nh3 Nd7 7. Nf4 Ngf6 8. h4 e5 9. Nxg6 hxg6 10. dxe5 Qa5+ 11. Bd2 Qxe5+ 12. Qe2 Bc5 13. Qxe5+ Nxe5 14. f3 0-0-0 15. 0-0-0 Bf2 16. Bf4 Rde8 17. Ne4 Nxe4 18. fxe4 Bxh4 19. Be2 f6 20. Kb1 Bg5 21. Rxh8 Rxh8 22. Bxe5 fxe5 23. Bg4+ Kb8 24. c3 Rh4 25. Bf3 Bf6 26. a4 g5 27. a5 a6 28. Rd3 Kc7 29. g3 Rh2 30. Bg4 Rg2 31. Bf5 Kb8 32. Ka2 Rg1 33. b4 g4 34. Bxg4 Bh4 35. gxh4 Rxg4 36. h5 Rxe4 37. Rg3 Rh4 38. Rxg7 Rxh5 39. Re7 Rh2+ 40. Kb3 Re2 41. Kc4 Re3 42. Kc5 Ka7 43. Kc4 Re1 44. Re8 Re2 45. Re7 Re3 46. Kb3 Re1 47. Kc4 1/2-1/2

[Event "RUS-ch U20 Girls"]
[Site "Loo"]
[Date "2021.04.24"]
[Round "4"]
[White "Pankova, Julia"]
[Black "Kochukova, Anna"]
[Result "1-0"]
[WhiteElo "1884"]
[BlackElo "2108"]
[PlyCount "173"]
[EventDate "2021.04.21"]
[EventType "swiss"]
[EventRounds "9"]
[EventCountry "RUS"]
[SourceTitle "CBM 202 Extra"]
[Source "ChessBase"]
[SourceDate "2021.07.31"]
[SourceVersion "1"]
[SourceVersionDate "2021.07.31"]
[SourceQuality "1"]

1. e4 c5 2. Nf3 e6 3. d4 cxd4 4. Nxd4 Nc6 5. Nc3 a6 6. Be2 Qc7 7. 0-0 Nf6 8. Be3 b5 9. Nxc6 dxc6 10. f4 Be7 11. e5 Nd5 12. Nxd5 cxd5 13. Qd4 0-0 14. c3 Bd7 15. b4 f6 16. Bd3 Rac8 17. Rac1 Qb8 18. Rf3 Bd8 19. Rh3 g6 20. Bc2 Be8 21. Qd2 fxe5 22. fxe5 Qxe5 23. Bd4 Qg5 24. Qe1 Rc6 25. Rg3 Qh4 26. Qe2 Bb6 27. Bxb6 Rxb6 28. Re1 Rc6 29. Re3 Bd7 30. a4 Rcc8 31. a5 Rf6 32. Rh3 Qc4 33. Qe3 Rcf8 34. Rf3 Rxf3 35. gxf3 Qf4 36. Kg2 Qxe3 37. Rxe3 Rc8 38. Bb3 Kf7 39. f4 Kf6 40. h4 Rd8 41. Kf2 Bc8 42. Ke2 Rd6 43. Re5 Rd8 44. Ke3 Ke7 45. Bc2 Bd7 46. Bd3 Rc8 47. Kd4 Rf8 48. Ke3 Be8 49. Rg5 Kf6 50. Re5 h6 51. Kd4 Ke7 52. Ke3 Kd6 53. Bb1 Rh8 54. Kd4 Bf7 55. Bd3 Ke7 56. Ke3 Kf6 57. Kd4 Rc8 58. Be2 Be8 59. Rxe6+ Kf5 60. Rxa6 Kxf4 61. Rb6 Kg3 62. h5 gxh5 63. Bxb5 Bxb5 64. Rxb5 h4 65. Rxd5 Kg4 66. a6 h3 67. Ra5 h2 68. Ra1 Kf3 69. b5 Ra8 70. c4 h5 71. c5 h4 72. c6 h3 73. c7 Kg2 74. Ra2+ Kg1 75. Ra1+ Kg2 76. Ra2+ Kg3 77. Ra1 Kg2 78. b6 h1Q 79. Rxh1 Kxh1 80. b7 Rxa6 81. c8Q Ra4+ 82. Kc3 Ra3+ 83. Kb2 Rg3 84. b8Q h2 85. Qc1+ Kg2 86. Qxg3+ Kxg3 87. Qh1 1-0

[Event "RUS-ch U20 Girls"]
[Site "Loo"]
[Date "2021.04.22"]
[Round "2"]
[White "Afonasieva, Anna"]
[Black "Kochukova, Anna"]
[Result "1-0"]
[WhiteElo "2270"]
[BlackElo "2108"]
[PlyCount "83"]
[EventDate "2021.04.21"]
[EventType "swiss"]
[EventRounds "9"]
[EventCountry "RUS"]
[SourceTitle "CBM 202 Extra"]
[Source "ChessBase"]
[SourceDate "2021.07.31"]
[SourceVersion "1"]
[SourceVersionDate "2021.07.31"]
[SourceQuality "1"]

1. d4 d5 2. Bf4 Nf6 3. e3 c5 4. c3 Nc6 5. Nd2 e6 6. Bd3 Bd6 7. Bxd6 Qxd6 8. f4 cxd4 9. cxd4 0-0 10. a3 b6 11. g4 Ne7 12. h3 Bb7 13. Qb1 Rac8 14. Ngf3 g6 15. 0-0 Rc7 16. Ne5 Rfc8 17. h4 Ne4 18. Nxe4 dxe4 19. Bxe4 Bxe4 20. Qxe4 Rc2 21. Rf2 Rxf2 22. Kxf2 f6 23. Nf3 Nd5 24. Re1 f5 25. gxf5 exf5 26. Qd3 Nf6 27. Qb3+ Kg7 28. Ng5 Ne4+ 29. Nxe4 fxe4 30. Qb5 Kg8 31. Qe5 Qc6 32. d5 Qc4 33. h5 Qc2+ 34. Re2 Qc7 35. Qxe4 Qd8 36. Qe6+ Kf8 37. hxg6 hxg6 38. Kg3 Rc5 39. Rd2 Kg7 40. d6 Rh5 41. Rg2 Rh1 42. Kf3 1-0

[Event "FIDE World Uni Blitz-A 1st"]
[Site "Tornelo INT"]
[Date "2021.03.13"]
[Round "10.12"]
[White "Burri, Quentin"]
[Black "Kochukova, Anna"]
[Result "1/2-1/2"]
[WhiteElo "2415"]
[BlackElo "2092"]
[PlyCount "120"]
[EventDate "2021.03.13"]
[EventType "swiss (blitz)"]
[EventRounds "10"]
[EventCountry "NET"]
[SourceTitle "EXT 2022"]
[Source "ChessBase"]
[SourceDate "2021.10.06"]
[SourceVersion "1"]
[SourceVersionDate "2021.10.06"]
[SourceQuality "1"]

1. d4 d5 2. c4 dxc4 3. e4 Nf6 4. e5 Nd5 5. Bxc4 Nc6 6. Nc3 Nb6 7. Bb5 Bd7 8. Nf3 e6 9. 0-0 Be7 10. Bd3 Nb4 11. Be4 Bc6 12. Re1 Qd7 13. a3 Bxe4 14. Nxe4 N4d5 15. Qc2 h6 16. Bd2 Qb5 17. Rac1 Rc8 18. h4 Nd7 19. b4 N7b6 20. h5 Qa4 21. Qd3 Rd8 22. Nc5 Bxc5 23. bxc5 Nc8 24. Re4 Nce7 25. Rc4 Qc6 26. Re1 Nf5 27. g4 Nfe7 28. Rb1 Qa6 29. Qb3 b6 30. cxb6 axb6 31. Bb4 Nxb4 32. axb4 Nd5 33. b5 Qb7 34. Ra4 Ra8 35. Rba1 Rxa4 36. Qxa4 0-0 37. Qa7 Qxa7 38. Rxa7 Rc8 39. Ra3 c6 40. bxc6 Rxc6 41. Kg2 g6 42. Rb3 Kg7 43. Kg3 Rc4 44. Kg2 Rc2 45. Kg3 Rc4 46. Rb5 Rb4 47. Rxb4 Nxb4 48. Kf4 Nd5+ 49. Ke4 Kf8 50. hxg6 fxg6 51. Nh4 Kf7 52. Ng2 h5 53. g5 b5 54. Kd3 b4 55. Kc4 Ke7 56. Nh4 Kf7 57. Ng2 Ke7 58. Nh4 Kf7 59. Kb3 Kg7 60. Kc4 Kf7 1/2-1/2

[Event "Moscow op (Women) 17th"]
[Site "Moscow"]
[Date "2021.02.27"]
[Round "8"]
[White "Zeliantsova, Kseniya"]
[Black "Kochukova, Anna"]
[Result "0-1"]
[WhiteElo "2166"]
[BlackElo "2091"]
[PlyCount "124"]
[EventDate "2021.02.20"]
[EventType "swiss"]
[EventRounds "9"]
[EventCountry "RUS"]
[SourceTitle "CBM 200 Extra"]
[Source "ChessBase"]
[SourceDate "2021.03.31"]
[SourceVersion "1"]
[SourceVersionDate "2021.03.31"]
[SourceQuality "1"]

1. e4 c5 2. Nf3 e6 3. b3 Nc6 4. Bb2 d6 5. d4 cxd4 6. Nxd4 a6 7. Nc3 Be7 8. Qd2 Nf6 9. 0-0-0 Qc7 10. f4 Nd7 11. Be2 b5 12. Bf3 Nxd4 13. Qxd4 Qc5 14. Qd3 0-0 15. e5 d5 16. Rde1 Qc7 17. Kb1 Bb7 18. f5 Nc5 19. Qd4 exf5 20. Bxd5 Rad8 21. e6 f6 22. Re2 b4 23. Qxb4 Bxd5 24. Nxd5 Rxd5 25. Qc4 Qd6 26. Ba3 Rd1+ 27. Rxd1 Qxd1+ 28. Kb2 Qd6 29. Bxc5 Qxc5 30. Qxa6 Rd8 31. c3 Rc8 32. Rc2 g5 33. b4 Qc7 34. Qd3 f4 35. Qd7 Qxd7 36. exd7 Rd8 37. a4 Rxd7 38. a5 Rb7 39. Kb3 Kf7 40. Ka4 Ke6 41. Rd2 Bd6 42. b5 Bc5 43. c4 g4 44. Rd5 f3 45. gxf3 gxf3 46. Rd3 f2 47. Rf3 Ke5 48. b6 f5 49. Kb5 Ke4 50. Rxf2 Bxf2 51. c5 Kd5 52. c6 Rxb6+ 53. axb6 Kd6 54. b7 Ba7 55. h3 f4 56. Kc4 Kxc6 57. Kd3 Kxb7 58. Ke4 Bb8 59. Kd3 Kc6 60. Ke4 Kc5 61. h4 h5 62. Kf3 Kc4 0-1

[Event "RUS-ch U21 Girls"]
[Site "Moscow"]
[Date "2020.12.13"]
[Round "6"]
[White "Nosacheva, Mariya"]
[Black "Kochukova, Anna"]
[Result "1-0"]
[WhiteElo "2243"]
[BlackElo "2106"]
[PlyCount "61"]
[EventDate "2020.12.08"]
[EventType "tourn"]
[EventRounds "9"]
[EventCountry "RUS"]
[SourceTitle "CBM 199 Extra"]
[Source "ChessBase"]
[SourceDate "2021.01.31"]
[SourceVersion "1"]
[SourceVersionDate "2021.01.31"]
[SourceQuality "1"]

1. e4 c5 2. Nf3 e6 3. d4 cxd4 4. Nxd4 Nc6 5. Nc3 Qc7 6. g4 a6 7. h4 b5 8. Nxc6 dxc6 9. Qf3 Bb7 10. Bf4 Bd6 11. Bxd6 Qxd6 12. Bd3 Ne7 13. 0-0-0 Qc7 14. h5 b4 15. Na4 c5 16. b3 Nc6 17. Qe3 Ne5 18. Be2 Rc8 19. f4 Nd7 20. g5 Qc6 21. Rhe1 Nb6 22. Nxb6 Qxb6 23. f5 0-0 24. f6 Rfd8 25. fxg7 Rd4 26. g6 fxg6 27. hxg6 Kxg7 28. gxh7 Kh8 29. Qg5 Qc7 30. Rg1 Rxd1+ 31. Bxd1 1-0

[Event "RUS-ch U21 Girls"]
[Site "Moscow"]
[Date "2020.12.12"]
[Round "5"]
[White "Kochukova, Anna"]
[Black "Borisova, Ekaterina"]
[Result "1-0"]
[WhiteElo "2106"]
[BlackElo "2308"]
[PlyCount "119"]
[EventDate "2020.12.08"]
[EventType "tourn"]
[EventRounds "9"]
[EventCountry "RUS"]
[SourceTitle "CBM 199 Extra"]
[Source "ChessBase"]
[SourceDate "2021.01.31"]
[SourceVersion "1"]
[SourceVersionDate "2021.01.31"]
[SourceQuality "1"]

1. e4 e6 2. d4 d5 3. Nd2 c5 4. Ngf3 cxd4 5. Nxd4 Nc6 6. Nxc6 bxc6 7. Bd3 Nf6 8. 0-0 Be7 9. Re1 0-0 10. e5 Nd7 11. c3 a5 12. Qh5 f5 13. Nf3 Nc5 14. Bc2 Ba6 15. Nd4 Qd7 16. Re3 g6 17. Rg3 Rf7 18. Bh6 Kh8 19. Qh3 Ne4 20. Bxe4 dxe4 21. Bg5 Bxg5 22. Rxg5 c5 23. Nb3 a4 24. Nxc5 Qe7 25. Qe3 Bb5 26. h4 Rg8 27. Qd4 Kg7 28. b4 Rff8 29. c4 Rd8 30. Qc3 Bc6 31. Re1 Kf7 32. Qe3 h6 33. Rg3 Rh8 34. Rh3 Qc7 35. Qf4 Rd4 36. Rc3 Rg8 37. Na6 Qc8 38. Qe3 Rgd8 39. b5 Bb7 40. Qxh6 Rh8 41. Qg5 Qd8 42. Qxd8 Rdxd8 43. Nc5 Ba8 44. Nxa4 Rxh4 45. Nb6 e3 46. Nxa8 Rxa8 47. a3 Rah8 48. fxe3 Ke7 49. c5 Kd7 50. Rd1+ Kc8 51. Kf2 Rg4 52. Rd4 Rg5 53. Rcd3 Rf8 54. a4 Rf7 55. c6 Rg4 56. Rd8+ Kc7 57. R8d7+ Rxd7 58. Rxd7+ Kb8 59. Rd4 Rg5 60. b6 1-0

[Event "RUS-ch U21 Girls"]
[Site "Moscow"]
[Date "2020.12.10"]
[Round "3"]
[White "Afonasieva, Anna"]
[Black "Kochukova, Anna"]
[Result "1-0"]
[WhiteElo "2299"]
[BlackElo "2106"]
[PlyCount "87"]
[EventDate "2020.12.08"]
[EventType "tourn"]
[EventRounds "9"]
[EventCountry "RUS"]
[SourceTitle "CBM 199 Extra"]
[Source "ChessBase"]
[SourceDate "2021.01.31"]
[SourceVersion "1"]
[SourceVersionDate "2021.01.31"]
[SourceQuality "1"]

1. d4 d5 2. Bf4 Nf6 3. e3 e6 4. c3 c5 5. Nd2 Nc6 6. Ngf3 Bd6 7. Bg3 0-0 8. Bd3 b6 9. Qe2 Bb7 10. Rd1 Ne7 11. e4 Bxg3 12. hxg3 cxd4 13. e5 Ne4 14. Nxe4 dxe4 15. Bxe4 Bxe4 16. Qxe4 Ng6 17. Rxd4 Qc7 18. 0-0 Rad8 19. Rfd1 Rxd4 20. Rxd4 h6 21. c4 Qc5 22. b3 Qa5 23. Qe2 Rc8 24. Rd7 Nf8 25. Rd6 Ng6 26. Rd2 Qc3 27. Rd7 a5 28. Rb7 Rd8 29. Rxb6 Qc1+ 30. Kh2 Rd1 31. Rb8+ Nf8 32. g4 h5 33. gxh5 Rh1+ 34. Kg3 Rxh5 35. Qd2 Qxd2 36. Nxd2 Rxe5 37. Kf3 f6 38. Rb5 Nd7 39. Rxe5 Nxe5+ 40. Ke4 Kf7 41. Kd4 Ke7 42. f3 Kd6 43. Ne4+ Kc7 44. a3 1-0

[Event "RUS-ch Higher League (Women) 70th"]
[Site "Sochi"]
[Date "2020.10.10"]
[Round "3"]
[White "Goltseva, Ekaterina"]
[Black "Kochukova, Anna"]
[Result "1-0"]
[WhiteElo "2294"]
[BlackElo "2093"]
[PlyCount "91"]
[EventDate "2020.10.08"]
[EventType "swiss"]
[EventRounds "9"]
[EventCountry "RUS"]
[SourceTitle "CBM 198 Extra"]
[Source "ChessBase"]
[SourceDate "2020.11.30"]
[SourceVersion "1"]
[SourceVersionDate "2020.11.30"]
[SourceQuality "1"]

1. d4 Nf6 2. c4 e6 3. Nc3 Bb4 4. e3 d5 5. Nf3 0-0 6. Bd3 b6 7. 0-0 Bb7 8. cxd5 exd5 9. Ne5 Nbd7 10. f4 Ne4 11. Nxe4 dxe4 12. Bc4 Bd6 13. Qb3 Qe7 14. Bd2 c5 15. a4 Rac8 16. Rac1 Nf6 17. Bc3 cxd4 18. Bxd4 Nd7 19. Nxd7 Qxd7 20. f5 Bc5 21. Rcd1 Qc7 22. Bxc5 Qxc5 23. Rd4 Rc7 24. Qd1 Qe5 25. b3 h6 26. Qg4 Qf6 27. Qf4 Rc5 28. Rd6 Qe5 29. Qxe5 Rxe5 30. f6 Bc8 31. Rc6 Be6 32. fxg7 Kxg7 33. Bxe6 Rxe6 34. Rxe6 fxe6 35. Rxf8 Kxf8 36. g4 Ke7 37. h4 Kd6 38. Kf2 Ke5 39. Ke2 Kd6 40. Kd2 e5 41. Kc3 Kd5 42. g5 hxg5 43. hxg5 Ke6 44. Kc4 Kf5 45. Kd5 Kxg5 46. Kxe5 1-0

[Event "Cheliabinsk Panchenko Memorial op-B"]
[Site "Cheliabinsk"]
[Date "2020.09.11"]
[Round "5"]
[White "Prudnikova, Svetlana"]
[Black "Kochukova, Anna"]
[Result "1/2-1/2"]
[WhiteElo "2216"]
[BlackElo "2082"]
[PlyCount "98"]
[EventDate "2020.09.07"]
[EventType "swiss"]
[EventRounds "9"]
[EventCountry "RUS"]
[SourceTitle "CBM 198 Extra"]
[Source "ChessBase"]
[SourceDate "2020.11.30"]
[SourceVersion "1"]
[SourceVersionDate "2020.11.30"]
[SourceQuality "1"]

1. Nf3 d5 2. g3 Nf6 3. Bg2 c5 4. c4 e6 5. 0-0 Be7 6. cxd5 exd5 7. d4 0-0 8. Nc3 b6 9. Ne5 Bb7 10. dxc5 bxc5 11. Qb3 Qb6 12. Nxd5 Nxd5 13. Bxd5 Qxb3 14. Bxb3 Nc6 15. Nxc6 Bxc6 16. Be3 Bb5 17. Rfc1 Rac8 18. Bc4 a6 19. Rc2 Rc7 20. Rac1 Rfc8 21. b4 Ba4 22. Bb3 Bxb3 23. axb3 c4 24. Rxc4 Rxc4 25. Rxc4 Rxc4 26. bxc4 Bxb4 27. Bd4 f6 28. Kf1 Kf7 29. e4 Ke6 30. Ke2 Kd6 31. Kd3 Kc6 32. f4 Be7 33. Kc3 h5 34. h3 Ba3 35. g4 hxg4 36. hxg4 Be7 37. e5 fxe5 38. Bxe5 g6 39. f5 gxf5 40. gxf5 Bf8 41. Bh8 Kd7 42. Kd4 a5 43. Kc3 a4 44. Kb2 Kd6 45. Bd4 Kc6 46. Ka2 Kd7 47. Bb2 Bd6 48. Ba3 Be5 49. Bb4 Ke8 1/2-1/2

[Event "Cheliabinsk Panchenko Memorial op-B"]
[Site "Cheliabinsk"]
[Date "2020.09.08"]
[Round "2"]
[White "Kochukova, Anna"]
[Black "Goltseva, Ekaterina"]
[Result "1/2-1/2"]
[WhiteElo "2082"]
[BlackElo "2306"]
[PlyCount "168"]
[EventDate "2020.09.07"]
[EventType "swiss"]
[EventRounds "9"]
[EventCountry "RUS"]
[SourceTitle "CBM 198 Extra"]
[Source "ChessBase"]
[SourceDate "2020.11.30"]
[SourceVersion "1"]
[SourceVersionDate "2020.11.30"]
[SourceQuality "1"]

1. e4 e5 2. Nf3 Nc6 3. Bc4 Nf6 4. d3 Be7 5. 0-0 0-0 6. Re1 d6 7. a4 Be6 8. Nbd2 Qd7 9. h3 Rfe8 10. c3 Bf8 11. Bxe6 Qxe6 12. a5 d5 13. Qb3 a6 14. exd5 Qxd5 15. Qxd5 Nxd5 16. Nc4 f6 17. Bd2 Rad8 18. Rad1 Nde7 19. Bc1 Rd5 20. b4 Red8 21. Nb2 R5d7 22. Kf1 Nf5 23. g4 Nfe7 24. Nd2 Nd5 25. Ne4 b6 26. axb6 cxb6 27. Be3 a5 28. bxa5 bxa5 29. Ke2 Rb7 30. Na4 Rb3 31. Rb1 Rdb8 32. Rxb3 Rxb3 33. Ra1 Be7 34. Kd2 g6 35. Kc2 Rb8 36. Nd2 f5 37. gxf5 gxf5 38. Nc4 Kf7 39. Rg1 Rc8 40. Bh6 Rg8 41. Rxg8 Kxg8 42. Ne3 Nxe3+ 43. Bxe3 Kf7 44. Kb3 Ke6 45. Kc4 Bh4 46. Kb5 Kd6 47. Bc5+ Kc7 48. Bb6+ Kd6 49. Nb2 e4 50. Nc4+ Kd7 51. dxe4 fxe4 52. Nd2 Ne5 53. Nxe4 a4 54. Kxa4 Kc6 55. Bd4 Nd3 56. Kb3 Nf4 57. Bf6 Bxf6 58. Nxf6 Nxh3 59. f3 Ng5 60. f4 Ne6 61. Nh5 Kd5 62. f5 Nc5+ 63. Kb4 Na6+ 64. Kb5 Nc7+ 65. Kb4 Na6+ 66. Ka5 Nc7 67. f6 Ne6 68. Kb5 Nc7+ 69. Kb6 Ne6 70. Kb5 Nc7+ 71. Kb4 Ne6 72. c4+ Kc6 73. Ng7 Nd8 74. c5 Nf7 75. Kc4 Ne5+ 76. Kd4 Nf7 77. Nh5 Nd8 78. Ng7 Nf7 79. Ne6 h5 80. Ke4 h4 81. Kf4 h3 82. Kg3 Kd5 83. Kxh3 Kxe6 84. Kg4 Ke5 1/2-1/2

[Event "Cheliabinsk Panchenko Memorial op-B"]
[Site "Cheliabinsk"]
[Date "2020.09.07"]
[Round "1"]
[White "Mesheryakova, Anfisa"]
[Black "Kochukova, Anna"]
[Result "0-1"]
[WhiteElo "1552"]
[BlackElo "2082"]
[PlyCount "70"]
[EventDate "2020.09.07"]
[EventType "swiss"]
[EventRounds "9"]
[EventCountry "RUS"]
[SourceTitle "CBM 198 Extra"]
[Source "ChessBase"]
[SourceDate "2020.11.30"]
[SourceVersion "1"]
[SourceVersionDate "2020.11.30"]
[SourceQuality "1"]

1. e4 c5 2. Nf3 e6 3. d4 cxd4 4. Nxd4 Nc6 5. Nc3 Qc7 6. Be2 a6 7. f4 b5 8. a3 Bb7 9. Bf3 b4 10. axb4 Bxb4 11. 0-0 Nge7 12. Nxc6 Qxc6 13. Be3 Bc5 14. Bxc5 Qxc5+ 15. Kh1 d6 16. Qe1 0-0 17. Qg3 f5 18. Qe1 Kh8 19. Qe2 a5 20. e5 d5 21. Qf2 Qxf2 22. Rxf2 Bc6 23. Na4 Rfb8 24. b3 Bxa4 25. Rxa4 Rb4 26. Be2 Nc6 27. Bd3 Kg8 28. g3 Rxa4 29. bxa4 Kf7 30. Bb5 Rc8 31. Rd2 Nb4 32. c4 dxc4 33. Bd7 c3 34. Rd6 c2 35. Bxe6+ Kf8 0-1

[Event "Khanty-Mansiysk Governor Cup 15th"]
[Site "Khanty-Mansiysk"]
[Date "2019.11.25"]
[Round "9"]
[White "Mukhina, Jana"]
[Black "Kochukova, Anna"]
[Result "1-0"]
[WhiteElo "2105"]
[BlackElo "2117"]
[PlyCount "146"]
[EventDate "2019.11.19"]
[EventType "swiss"]
[EventRounds "9"]
[EventCountry "RUS"]
[SourceTitle "CBM 193 Extra"]
[Source "ChessBase"]
[SourceDate "2020.01.31"]
[SourceVersion "1"]
[SourceVersionDate "2020.01.31"]
[SourceQuality "1"]

1. d4 Nf6 2. c4 e6 3. Nc3 Bb4 4. Qb3 c5 5. dxc5 Bxc5 6. Nf3 Nc6 7. Bg5 Be7 8. e4 Qc7 9. Be2 0-0 10. 0-0 b6 11. Rac1 Bb7 12. Nb5 Qb8 13. Nc3 Ng4 14. Bxe7 Nd4 15. Bd6 Qxd6 16. e5 Nxb3 17. exd6 Nxc1 18. Rxc1 Rac8 19. Nb5 a6 20. Nc7 Nf6 21. Ne5 Rfd8 22. b4 Ne8 23. Nxe8 Rxe8 24. Nxd7 Rcd8 25. Nxb6 Rxd6 26. c5 Rd2 27. Bf3 Red8 28. Nc4 R2d4 29. Nd6 Bxf3 30. gxf3 Kf8 31. Kg2 Ke7 32. Nc4 Rc8 33. a4 Rc7 34. a5 f6 35. Kg3 Rb7 36. Nb6 Rxb4 37. c6 Rc7 38. Na8 Ra7 39. Nb6 Rc7 40. Na8 Rc8 41. Nb6 Kd8 42. Rd1+ Kc7 43. Nxc8 Kxc8 44. Rd7 Rb5 45. Rxg7 h5 46. Rf7 Rf5 47. f4 Kb8 48. h4 Kc8 49. f3 Kb8 50. Re7 Rxa5 51. Rxe6 Rf5 52. c7+ Kxc7 53. Rxa6 Kd7 54. Ra7+ Ke6 55. Rh7 Kd5 56. Re7 Kd4 57. Re4+ Kd3 58. Kf2 Ra5 59. Re6 Rf5 60. Rd6+ Kc4 61. Ke3 Ra5 62. Rxf6 Ra8 63. Rf5 Rh8 64. Ke4 Kc3 65. Re5 Rh6 66. f5 Ra6 67. Re6 Ra4+ 68. Ke3 Ra1 69. Rc6+ Kb4 70. f6 Kb5 71. f7 Ra8 72. Rf6 Rf8 73. Ke4 Kc5 1-0

[Event "RUS-ch rapid (Women)"]
[Site "Sochi"]
[Date "2019.10.15"]
[Round "1"]
[White "Kochukova, Anna"]
[Black "Bodnaruk, Anastasia"]
[Result "0-1"]
[WhiteElo "1947"]
[BlackElo "2449"]
[PlyCount "54"]
[EventDate "2019.10.15"]
[EventType "swiss"]
[EventRounds "11"]
[EventCountry "RUS"]
[SourceTitle "CBM 192 Extra"]
[Source "Chessbase"]
[SourceDate "2019.11.06"]
[SourceVersion "1"]
[SourceVersionDate "2019.11.06"]
[SourceQuality "1"]

1. e4 c5 2. Nf3 d6 3. d4 cxd4 4. Qxd4 a6 5. c4 Nc6 6. Qe3 Nf6 7. h3 g6 8. Nc3 Bg7 9. Be2 0-0 10. 0-0 Nd7 11. Rd1 Nc5 12. Rb1 f5 13. b4 f4 14. Qd2 Ne6 15. Nd5 Ned4 16. Bb2 Nxf3+ 17. Bxf3 Bxb2 18. Rxb2 Ne5 19. Qe2 e6 20. Nc3 Qc7 21. c5 dxc5 22. bxc5 Bd7 23. Rc1 Qxc5 24. Rxb7 Rac8 25. Qxa6 Rc6 26. Qf1 Rfc8 27. Rbb1 Nxf3+ 0-1

[Event "EU-ch U18 Girls"]
[Site "Bratislava"]
[Date "2019.08.10"]
[Round "9"]
[White "Kochukova, Anna"]
[Black "Sargsyan, Anna M"]
[Result "0-1"]
[WhiteElo "2148"]
[BlackElo "2229"]
[PlyCount "82"]
[EventDate "2019.08.02"]
[EventType "swiss"]
[EventRounds "9"]
[EventCountry "SVK"]
[SourceTitle "CBM 191 Extra"]
[Source "ChessBase"]
[SourceDate "2019.09.30"]
[SourceVersion "1"]
[SourceVersionDate "2019.09.30"]
[SourceQuality "1"]

1. e4 c6 2. d4 d5 3. Nd2 dxe4 4. Nxe4 Nd7 5. Ng5 Ngf6 6. Bd3 e6 7. N1f3 Bd6 8. Qe2 h6 9. Ne4 Nxe4 10. Qxe4 Nf6 11. Qe2 Qc7 12. Bd2 b6 13. 0-0-0 Bb7 14. Kb1 0-0-0 15. c4 Kb8 16. Bc3 Ka8 17. Ne5 c5 18. dxc5 Bxc5 19. Bc2 h5 20. f4 Rc8 21. Rd2 b5 22. cxb5 Nd5 23. Be4 f6 24. Bxd5 exd5 25. Nc6 Qxf4 26. Rxd5 Bb6 27. Bd2 Qc7 28. Rxh5 Rhe8 29. Qf3 Qf7 30. Rc1 g5 31. Rh6 Qd7 32. Bc3 g4 33. Qxf6 Be3 34. Rh1 Qd3+ 35. Ka1 Rf8 36. Qxf8 Rxf8 37. Rh8 Rxh8 38. Bxh8 Qxb5 39. Nd8 Bxg2 40. Rd1 Qe2 41. Rb1 Be4 0-1